[Event "Mittelfrank Regionalliga Nord-West 2122"]
[Site "Mittelfranken"]
[Date "2021.10.24"]
[Round "1.8"]
[White "Renner, Johannes"]
[Black "Cernins, Dmitrijs"]
[Result "0-1"]
[WhiteElo "1621"]
[BlackElo "1926"]
[PlyCount "76"]
[EventDate "2021.10.24"]
[EventType "team-tourn"]
[EventRounds "9"]
[EventCountry "GER"]
[SourceTitle "EXT 2024"]
[Source "ChessBase"]
[SourceDate "2023.10.10"]
[SourceVersion "1"]
[SourceVersionDate "2023.10.10"]
[SourceQuality "1"]
[WhiteTeam "Kronach"]
[BlackTeam "Kitzingen"]
[WhiteTeamCountry "GER"]
[BlackTeamCountry "GER"]

1. e4 d6 2. d4 Nf6 3. f3 g6 4. Be3 Bg7 5. Bc4 c6 6. Nc3 Nbd7 7. Nge2 Qa5 8. 0-0 0-0 9. a3 b5 10. b4 Qc7 11. Bb3 Nb6 12. a4 bxa4 13. Nxa4 Nxa4 14. Bxa4 Ba6 15. Bb3 Bxe2 16. Qxe2 Rfb8 17. Qd2 Rb5 18. Ra4 Nd7 19. c3 Rb7 20. Rfa1 Nb6 21. Ra5 e6 22. R1a3 d5 23. Qe2 Nc8 24. Bf2 Bh6 25. exd5 cxd5 26. Rc5 Qd8 27. Ba4 Rb6 28. Bg3 Nd6 29. Ra1 a6 30. Rc6 Rc8 31. Rxd6 Rxd6 32. Bxd6 Qxd6 33. Qd3 Qc7 34. Ra3 Bc1 35. Rb3 Qc4 36. Qd1 Be3+ 37. Kh1 Bd2 38. b5 Qxa4 0-1